000 00609nam a2200229Ia 4500
003 OSt
005 20250829140753.0
008 210210b2010 xxu||||| |||| 00| 0 eng d
020 _a9788130915067
040 _cAL
041 _aEnglish
082 _a793.73 BRAR
100 _aAllen D Bragdon
_9183817
245 _aRight brain teasers
_b: a photo quiz for the minds eye
260 _aNew Delhi
_bViva books
_c2010
300 _aviii,152p.
650 _aHousehold appliances
_9183825
650 _aBrainwaves books
_9183826
700 _aMonbleau Marcia
_9183821
906 _a065299
942 _2ddc
_cBK
999 _c142464
_d142464